| 000 | 00541nam a2200157 i 4500 | ||
|---|---|---|---|
| 001 | 129377 | ||
| 003 | ES-MaACL | ||
| 007 | t| | ||
| 008 | 070614s1981 sp ||||1| spa d | ||
| 080 | _a3(076.5) | ||
| 245 | 0 | 0 |
_aTextos comentados para una programación de las ciencias sociales, IV _b: (Sociedad capitalista, siglo XIX. Sociedad contemporánea. Sociedad actual). |
| 260 |
_aMadrid : _bNarcea, _c[1981] |
||
| 300 |
_a62 p. ; _c23 cm. |
||
| 650 | 1 | 4 |
_aCiencias sociales- _xComentario de textos. _910990 |
| 852 |
_aES-MaACL _jL-921 _bR.101656 |
||
| 999 |
_c129377 _d129377 |
||